Movies Quiz

Random Movies or Decade Quiz

EW's Top Ten Movies of the Decade Quiz Stats

Quiz not verified by Sporcle

Challenge
Share
Tweet
Embed
Score 0/10 Timer 05:00
0 Plays Today
Year Movie % Correct
2008The Dark Knight
97.8%
2000Gladiator
91.3%
2005The 40 Year Old Virgin
78.2%
2003Lost in Translation
65.3%
2001Lord of The Rings: Fellowship of the Ring
57.6%
2000Almost Famous
56.1%
2005Brokeback Mountain
55.3%
2006Children of Men
53.5%
2001Moulin Rouge!
51%
2008Wall E
22.1%

You're not logged in!

Compare scores with friends on all Sporcle quizzes.
Sign Up with Email
OR
Log In

You Might Also Like...

Show Comments

Extras

Top Quizzes Today


Score Distribution

Your Account Isn't Verified!

In order to create a playlist on Sporcle, you need to verify the email address you used during registration. Go to your Sporcle Settings to finish the process.

Report this User

Report this user for behavior that violates our Community Guidelines.

Details: